| 000 | 00539nam a2200181 a 4500 | ||
|---|---|---|---|
| 005 | 20140310183313.0 | ||
| 008 | 051004s19uu xx 00 eng d | ||
| 020 | _a0071441336 | ||
| 050 |
_aPE 1112 _b.L463 2005 |
||
| 100 | _aLester, Mark | ||
| 245 | _aThe McGraw-Hill hnadbook of English grammar and usage/. | ||
| 260 |
_aNew York : _bMcGraw Hill, _c2005. |
||
| 300 |
_a344 p. : _bill. ; _c23 cm. |
||
| 650 |
_aEnglish language _xGrammar _xHandbooks, manuals, etc. |
||
| 700 | _aBeason, Larry | ||
| 942 |
_cBK _2lcc _kFOR |
||
| 999 |
_c21212 _d21212 |
||